LEADER 00813nam0 2200253 450 001 000007126 005 20060419123025.0 010 $a88-14-10535-9 100 $a20060419d2003----km-y0itay50------ba 101 0 $aita 102 $aIT 105 $ay-------001yy 200 1 $aCrisi dei mercati finanziari e diritto internazionale$fMaria Chiara Malaguti 210 $aMilano$cGiuffrè$d2003 215 $aVII, 378 p.$d24 cm 225 2 $aContratti & commercio internazionale 410 0$12001$aContratti & commercio internazionale 676 $a341.751$v20 700 1$aMalaguti,$bMaria Chiara$0279343 801 0$aIT$bUNIPARTHENOPE$c20060419$gRICA$2UNIMARC 912 $a000007126 951 $aG-0132$b36815$cNAVA3 996 $aCrisi dei mercati finanziari e diritto internazionale$9287918 997 $aUNIPARTHENOPE